000 00357 a2200169 4500
001 192548
020 _a85-15-02822-0
040 _cMagnum
100 _aSilva, Marco
240 1 0 _aEducação online
_lpor
245 1 0 _aEducação online
300 _a540
362 0 _a2006
440 1 _aEdições Loyola
697 _aLITERATURA GERAL
942 _cBK
999 _c192548
_d192548